01157 a2200277 4500010001400000020002300014035001300037037001600050082000800066090001500074245010700089246002200196260008900218300003200307520018800339650003100527650002200558650003100580700001900611700002000630710003000650710003300680942002300713999001500736952012800751 aENG-86324 a8172149247c175.00 aEN-69857 bDBAD / PUB.14a280 c4566d456610aSharing diversity in missiological research and educationcedited by L. Stanislaus and John F. Gorski.18aSharing diversity aDelhi :bIndian Society for Promoting Christian Knowledge and Ishvani Kendra,c2006. axiv, 255 p. ;c23 cm. (Pbk) aContributed papers presented at 2nd General Assembly of the International Association of Catholic Missiologists (IACM), held in Cochabamba, Bolivia, from 30th Sept. to 3rd Oct., 2004. 0aMissionsxEducational work 0aEvangelistic work 0aChurch and social problems1 aStanislaus, L.1 aGorski, Juan F.2 aI.S.P.C.K. (Organization)2 aIshvani Kendra (Pune, India) adplcENk280 / SHA c4478d4478 00102ddc40718NFICaDBADbDBADeDBAD/PUBg175.00l0o280pEN-69857r2008-09-15 00:00:00t1u4729v175.00w2008-09-15yEN